Fundamentos para el análisis de la crisis financiera /
La precipitación con la que se originó la crisis financiera en los Estados Unidos y su contagio al resto de las economías del mundo ha llevado a analistas y políticos a enfrascarse en la discusión de las soluciones brindando poca atención a las causas y el origen. Por consiguiente, el artículo procu...
Uloženo v:
| Hlavní autor: | |
|---|---|
| Médium: | Text |
| Témata: | |
| Tagy: |
Přidat tag
Žádné tagy, Buďte první, kdo vytvoří štítek k tomuto záznamu!
|
MARC
| LEADER | 00000 a a2200000 04500 | ||
|---|---|---|---|
| 001 | 42260 | ||
| 003 | |||
| 040 | |||
| 100 | |a Muñoz Giró, Juan E. | ||
| 245 | |a Fundamentos para el análisis de la crisis financiera / |c Juan E. Muñoz Giró | ||
| 520 | |a La precipitación con la que se originó la crisis financiera en los Estados Unidos y su contagio al resto de las economías del mundo ha llevado a analistas y políticos a enfrascarse en la discusión de las soluciones brindando poca atención a las causas y el origen. Por consiguiente, el artículo procura sentar sentar las bases para identificar las causas que originaron la presente crisis. | ||
| 590 | |a RRH/MARZO2012 | ||
| 650 | |a 1.CRISIS | ||
| 650 | |a 2.MERCADO FINANCIERO | ||
| 650 | |a 3.RIESGO | ||
| 650 | |a 4.POLITICA MONETARIA | ||
| 650 | |a 5.CICLOS ECONOMICOS | ||
| 650 | |a 6.TASA DE INTERES | ||
| 773 | |g volumen26, número2 ( , 2009), páginas 55-69 : tablas, gráficos | ||
| 999 | |c 27950 |d 27950 | ||
